000 00722nam a2200241Ia 4500
003 OSt
005 20220918212247.0
006 a|||||r|||| 00| 0
007 ta
008 220917b |||||||| |||| 00| 0 eng d
024 _a128,057
037 _cTextual
040 _aARTS
_cARTS
_beng
041 _2eng
_aeng
082 _aX.1-5.N5, J8 (906)
110 _aOrganisation For European Economic Co-Operation
245 0 _aEconomic development of overseas countries and territories associated with OEEC member countries
260 _c1958
650 _aECONOMICS
700 _aOrganisation For European Economic Co-Operation
942 _hX.1-5.N5, J8 (906)
_cTEXL
_2CC
999 _c251195
_d251195